[Event "SVK-chT4 A22 1718"]
[Site "Slovakia"]
[Date "2017.11.12"]
[Round "4.3"]
[White "Drahos, Miroslav"]
[Black "Schmikli, Laszlo"]
[Result "0-1"]
[WhiteElo "1701"]
[BlackElo "2182"]
[PlyCount "60"]
[EventDate "2017.10.01"]
[EventType "team-tourn"]
[EventRounds "11"]
[EventCountry "SVK"]
[SourceTitle "EXT 2020"]
[Source "ChessBase"]
[SourceDate "2019.10.17"]
[SourceVersion "1"]
[SourceVersionDate "2019.10.17"]
[SourceQuality "1"]

1. e4 Nc6 2. Nf3 d5 3. exd5 Qxd5 4. d4 Bg4 5. Be2 0-0-0 6. c4 Qh5 7. Be3 e6 8. Nc3 h6 9. Qd2 g5 10. 0-0-0 Qg6 11. Qc2 Bf5 12. Bd3 Nge7 13. a3 Bg7 14. Bxf5 Qxf5 15. Qxf5 Nxf5 16. d5 Na5 17. dxe6 fxe6 18. c5 Nxe3 19. fxe3 Bxc3 20. bxc3 Nb3+ 21. Kc2 Nxc5 22. Ne5 Rxd1 23. Rxd1 Rf8 24. Ng6 Rf2+ 25. Kc1 b6 26. Ne7+ Kb7 27. Ng8 Rxg2 28. Nxh6 Ka6 29. Nf7 Kb5 30. Ne5 Ka4 0-1

[Event "HUN-chT2 Szechenyi 1718"]
[Site "Hungary"]
[Date "2017.10.29"]
[Round "1.3"]
[White "Schmikli, Laszlo"]
[Black "Joo, Gabor"]
[Result "1-0"]
[WhiteElo "2180"]
[BlackElo "1976"]
[PlyCount "69"]
[EventDate "2017.10.29"]
[EventType "team-tourn"]
[EventRounds "9"]
[EventCountry "HUN"]
[SourceTitle "EXT 2021"]
[Source "ChessBase"]
[SourceDate "2020.10.23"]
[SourceVersion "1"]
[SourceVersionDate "2020.10.23"]
[SourceQuality "1"]
[WhiteTeam "Gyor Elektromos"]
[BlackTeam "Haladas Szombathely III"]
[WhiteTeamCountry "HUN"]
[BlackTeamCountry "HUN"]

1. f4 d5 2. Nf3 e6 3. g3 Nf6 4. Bg2 Be7 5. 0-0 0-0 6. c3 b6 7. d3 Bb7 8. a4 c5 9. Ne5 Nbd7 10. Na3 a6 11. Qe1 Qc7 12. g4 Nxe5 13. fxe5 Nd7 14. Bf4 Rac8 15. Qg3 Qd8 16. g5 Re8 17. h4 Nf8 18. h5 Qd7 19. Rf2 Qxa4 20. Raf1 Rc7 21. Bh3 Bd8 22. Bc1 Ree7 23. Rf6 Qe8 24. Nc2 Red7 25. Ne3 gxf6 26. gxf6+ Ng6 27. Ng4 d4 28. Bh6 dxc3 29. Bg7 h6 30. Nxh6+ Kh7 31. Qg5 Rd4 32. bxc3 Ra4 33. e4 c4 34. Ng4 Kg8 35. Qh6 1-0

[Event "HUN-chT2 Charousek 1415"]
[Site "Hungary"]
[Date "2015.03.01"]
[Round "7"]
[White "Schmikli, Laszlo"]
[Black "Kende, Gyorgy"]
[Result "1-0"]
[WhiteElo "2206"]
[BlackElo "2122"]
[PlyCount "57"]
[EventDate "2014.10.12"]
[EventType "team-tourn"]
[EventRounds "9"]
[EventCountry "HUN"]
[SourceTitle "EXT 2016"]
[Source "ChessBase"]
[SourceDate "2015.10.08"]
[SourceVersion "1"]
[SourceVersionDate "2015.10.08"]
[SourceQuality "1"]
[WhiteTeam "Gyor Elektromos"]
[BlackTeam "Biatorbagy"]
[WhiteTeamCountry "HUN"]
[BlackTeamCountry "HUN"]

1. e4 e5 2. Nf3 Nc6 3. d4 exd4 4. c3 d3 5. Bxd3 Bc5 6. 0-0 d6 7. h3 Nf6 8. Bc2 0-0 9. Bg5 h6 10. Bh4 Qe7 11. Nbd2 Be6 12. b4 Bb6 13. a4 a6 14. Qe2 Rfe8 15. Kh1 Qf8 16. Bxf6 gxf6 17. b5 axb5 18. axb5 Ne5 19. Nd4 Ng6 20. Qh5 Qg7 21. Rxa8 Rxa8 22. Nxe6 fxe6 23. Bb3 d5 24. exd5 e5 25. Qf5 Nf4 26. g3 Qg6 27. Qd7 Nd3 28. d6+ Kh8 29. dxc7 1-0

[Event "HUN-chT2 Charousek 1314"]
[Site "Hungary"]
[Date "2014.03.23"]
[Round "9"]
[White "Schmikli, Laszlo"]
[Black "Szepes, Tamas"]
[Result "1/2-1/2"]
[WhiteElo "2251"]
[BlackElo "2228"]
[PlyCount "92"]
[EventDate "2013.09.08"]
[EventType "team-tourn"]
[EventRounds "11"]
[EventCountry "HUN"]
[SourceTitle "EXT 2016"]
[Source "ChessBase"]
[SourceDate "2015.10.08"]
[SourceVersion "1"]
[SourceVersionDate "2015.10.08"]
[SourceQuality "1"]
[WhiteTeam "Gyor Elektromos"]
[BlackTeam "Taban Spartacus"]
[WhiteTeamCountry "HUN"]
[BlackTeamCountry "HUN"]

1. f4 e5 2. fxe5 Nc6 3. Nf3 d6 4. e4 Bg4 5. Bb5 dxe5 6. Bxc6+ bxc6 7. 0-0 Bc5+ 8. Kh1 Nf6 9. d3 Nh5 10. Qe1 f6 11. Qc3 Qd6 12. Nbd2 0-0 13. Nc4 Qe7 14. a3 Bb6 15. Na5 g5 16. Nxc6 Qg7 17. d4 Qh6 18. Kg1 Bxf3 19. Rxf3 exd4 20. Nxd4 Qg6 21. Be3 Qxe4 22. Nf5 Nf4 23. Ng3 Bxe3+ 24. Qxe3 Qxc2 25. Rf2 Qd3 26. Qc5 Qd7 27. Rc2 Rfe8 28. Qc3 Re5 29. Rd2 Qe6 30. Rf1 c6 31. Qb4 Rb5 32. Qc3 Re8 33. Rdf2 Rb3 34. Qa5 h5 35. Qxa7 h4 36. Rxf4 gxf4 37. Nh5 Qe3+ 38. Qxe3 Rexe3 39. Rxf4 Rxb2 40. h3 Rxa3 41. Nxf6+ Kg7 42. Ne8+ Kg6 43. Rg4+ Kf7 44. Nd6+ Ke6 45. Ne4 Ra1+ 46. Kh2 Re2 1/2-1/2

[Event "HUN-chT2 Charousek 1213"]
[Site "Hungary"]
[Date "2013.01.27"]
[Round "6"]
[White "Papagorasz, Takisz"]
[Black "Schmikli, Laszlo"]
[Result "0-1"]
[WhiteElo "2167"]
[BlackElo "2246"]
[PlyCount "88"]
[EventDate "2012.09.16"]
[EventType "team-tourn"]
[EventRounds "11"]
[EventCountry "HUN"]
[SourceTitle "EXT 2014"]
[Source "ChessBase"]
[SourceDate "2013.11.20"]
[SourceVersion "1"]
[SourceVersionDate "2013.11.20"]
[SourceQuality "1"]
[WhiteTeam "Fehervar"]
[BlackTeam "Gyor"]
[WhiteTeamCountry "HUN"]
[BlackTeamCountry "HUN"]

1. d4 f5 2. c4 Nf6 3. g3 g6 4. Bg2 Bg7 5. Nf3 c6 6. 0-0 0-0 7. Qb3 a5 8. Nc3 d6 9. Bd2 Ne4 10. Bf4 h6 11. c5+ Kh7 12. cxd6 exd6 13. h4 Qe7 14. Qa3 Rd8 15. Be5 b5 16. Bxg7 b4 17. Qb3 bxc3 18. Bxh6 Kxh6 19. bxc3 Ba6 20. Rfe1 Nd7 21. Qc2 d5 22. Bh3 Qa3 23. Ng5 Nxg5 24. hxg5+ Kxg5 25. e4 dxe4 26. Qd2+ Kf6 27. Qf4 Bd3 28. Rad1 Kf7 29. Bxf5 gxf5 30. Rxd3 Nf6 31. Rde3 Re8 32. Qxf5 Qxa2 33. Kg2 Qe6 34. Qf4 a4 35. f3 exf3+ 36. Kxf3 Qd5+ 37. Kf2 Rxe3 38. Rxe3 a3 39. Rf3 Qe6 40. Qc7+ Kg6 41. Qb7 Ra5 42. Qb4 Rf5 43. Qxa3 Ng4+ 44. Kg2 Qe2+ 0-1

[Event "HUN-chT2 Charousek 1213"]
[Site "Hungary"]
[Date "2012.12.02"]
[Round "5"]
[White "Schmikli, Laszlo"]
[Black "Dobos, Jozsef"]
[Result "0-1"]
[WhiteElo "2246"]
[BlackElo "2272"]
[PlyCount "48"]
[EventDate "2012.09.16"]
[EventType "team-tourn"]
[EventRounds "11"]
[EventCountry "HUN"]
[SourceTitle "EXT 2014"]
[Source "ChessBase"]
[SourceDate "2013.11.20"]
[SourceVersion "1"]
[SourceVersionDate "2013.11.20"]
[SourceQuality "1"]
[WhiteTeam "Gyor"]
[BlackTeam "Csuti"]
[WhiteTeamCountry "HUN"]
[BlackTeamCountry "HUN"]

1. e4 e5 2. Nf3 Nc6 3. d4 exd4 4. c3 dxc3 5. Nxc3 Bb4 6. Bc4 Bxc3+ 7. bxc3 d6 8. Qb3 Qe7 9. 0-0 Nf6 10. e5 Nxe5 11. Nxe5 dxe5 12. Ba3 c5 13. Bb5+ Bd7 14. Bxd7+ Qxd7 15. Bxc5 Ne4 16. Ba3 Nd2 17. Qb4 0-0-0 18. Rfd1 Rhe8 19. Rab1 Qc6 20. Qg4+ Kb8 21. Rbc1 Qe4 22. Qg3 Nc4 23. Rxd8+ Rxd8 24. Qg5 Qd5 0-1

[Event "HUN-chT2 Charousek 1213"]
[Site "Hungary"]
[Date "2012.10.07"]
[Round "2"]
[White "Schmikli, Laszlo"]
[Black "Buzeti, Jernej"]
[Result "1-0"]
[WhiteElo "2246"]
[BlackElo "2270"]
[PlyCount "33"]
[EventDate "2012.09.16"]
[EventType "team-tourn"]
[EventRounds "11"]
[EventCountry "HUN"]
[SourceTitle "EXT 2014"]
[Source "ChessBase"]
[SourceDate "2013.11.20"]
[SourceVersion "1"]
[SourceVersionDate "2013.11.20"]
[SourceQuality "1"]
[WhiteTeam "Gyor"]
[BlackTeam "Alsoszolnok"]
[WhiteTeamCountry "HUN"]
[BlackTeamCountry "HUN"]

1. f4 d5 2. Nf3 Nf6 3. g3 g6 4. Bg2 Bg7 5. 0-0 c5 6. d3 0-0 7. Qe1 d4 8. e4 dxe3 9. Bxe3 Ng4 10. Bc1 Nc6 11. h3 Nf6 12. Na3 Nd5 13. Nc4 Ndb4 14. Qe2 Nd4 15. Nxd4 cxd4 16. Bd2 Nxc2 17. Ba5 1-0

[Event "HUN-chT2 Charousek 1112"]
[Site "Hungary"]
[Date "2012.05.06"]
[Round "10"]
[White "Schmikli, Laszlo"]
[Black "Horvath, Andras"]
[Result "1/2-1/2"]
[WhiteElo "2235"]
[BlackElo "2308"]
[PlyCount "93"]
[EventDate "2011.09.25"]
[EventType "team-tourn"]
[EventRounds "11"]
[EventCountry "HUN"]
[SourceTitle "EXT 2013"]
[Source "ChessBase"]
[SourceDate "2012.11.22"]
[SourceVersion "1"]
[SourceVersionDate "2012.11.22"]
[SourceQuality "1"]
[WhiteTeam "Gyor Elektromos"]
[BlackTeam "MLTC II"]
[WhiteTeamCountry "HUN"]
[BlackTeamCountry "HUN"]

1. f4 e5 2. fxe5 d6 3. Nf3 dxe5 4. e4 Nf6 5. Bc4 Bc5 6. d3 Nc6 7. c3 0-0 8. b4 Bb6 9. a4 a6 10. Qe2 Bg4 11. Bg5 h6 12. Bh4 Qd6 13. Nbd2 Nh5 14. h3 Nf4 15. Qf1 Be6 16. Rd1 g5 17. Bg3 Be3 18. Bxf4 exf4 19. Qe2 Rfe8 20. d4 Bxd2+ 21. Nxd2 Bxc4 22. Qxc4 Ne7 23. 0-0 c6 24. e5 Qg6 25. Rde1 Nd5 26. Ne4 Re7 27. Rf3 Rd8 28. Qb3 Kh8 29. c4 Nc7 30. Qc3 b5 31. cxb5 cxb5 32. Qc5 Red7 33. Nd6 bxa4 34. Rd1 Qe6 35. Qa5 Nb5 36. d5 Qg6 37. Nxb5 axb5 38. Qxb5 Qc2 39. Rfd3 a3 40. Qa6 a2 41. Qxh6+ Kg8 42. Qxg5+ Kh7 43. Qf5+ Kh8 44. Qh5+ Kg8 45. Qg5+ Kh7 46. Qh4+ Kg8 47. Qg5+ 1/2-1/2

[Event "HUN-chT2 Charousek 1112"]
[Site "Hungary"]
[Date "2011.11.13"]
[Round "3"]
[White "Kaczur, Florian"]
[Black "Schmikli, Laszlo"]
[Result "1-0"]
[WhiteElo "2143"]
[BlackElo "2235"]
[PlyCount "99"]
[EventDate "2011.09.25"]
[EventType "team-tourn"]
[EventRounds "11"]
[EventCountry "HUN"]
[SourceTitle "EXT 2013"]
[Source "ChessBase"]
[SourceDate "2012.11.22"]
[SourceVersion "1"]
[SourceVersionDate "2012.11.22"]
[SourceQuality "1"]
[WhiteTeam "Paks II"]
[BlackTeam "Gyor Elektromos"]
[WhiteTeamCountry "HUN"]
[BlackTeamCountry "HUN"]

1. e4 Nc6 2. d4 d5 3. Nc3 e5 4. Nxd5 Nxd4 5. Nf3 Bg4 6. c3 Nxf3+ 7. gxf3 Be6 8. Qb3 Qc8 9. Be3 c6 10. 0-0-0 a6 11. Bh3 cxd5 12. Bxe6 Qxe6 13. Qxb7 Rd8 14. Bb6 Qc8 15. Qxc8 Rxc8 16. Rxd5 f6 17. Rhd1 Ne7 18. Rd7 Nc6 19. a4 Be7 20. a5 f5 21. Rb7 Rf8 22. Rdd7 fxe4 23. fxe4 Rf4 24. Rdc7 Rxc7 25. Rxc7 Rf6 26. b4 g5 27. Rc8+ Kd7 28. Ra8 Bd8 29. Be3 Rh6 30. b5 axb5 31. a6 Rxh2 32. a7 Rh1+ 33. Kb2 Nxa7 34. Rxa7+ Kc8 35. Rg7 Rh4 36. Rg8 Rxe4 37. Bxg5 Re2+ 38. Kb3 Rxf2 39. Rxd8+ Kc7 40. Rh8 Rf7 41. Kb4 Kc6 42. Rc8+ Kd5 43. Rc5+ Ke6 44. Rxb5 h5 45. c4 Kf5 46. Bd8 Rd7 47. Rd5 Rh7 48. c5 h4 49. c6 Ke6 50. Rd1 1-0